00333nam a22001337a 4500003000400000008004100004020001800045082001600063100002100079245003500100250001100135260004500146300000800191OSt240221b |||||||| |||| 00| 0 eng d a9789353946142 a005.133 SEP aSEBESTA,Robert W aProgramming the World Wide Web a8th Ed aNew DelhibPearson Education Indiac2023 a712